[Event "Paul Keres - De Stukkenjagers"]
[Site ""]
[Date "2023.04.22"]
[Round "1.5"]
[White "Baselmans, Sam"]
[Black "Wemmers, Xander"]
[Result "1-0"]
[WhiteElo "2220"]
[BlackElo "2356"]

1. e4 {[%clk 01:30:56]} {[%emt 00:00:02]} c5 {[%clk 01:30:49]} {[%emt
00:00:11]} 2. Nc3 {[%clk 01:31:13]} {[%emt 00:00:14]} Nc6 {[%clk 01:31:10]}
{[%emt 00:00:08]} 3. g3 {[%clk 01:31:31]} {[%emt 00:00:12]} g6 {[%clk
01:31:33]} {[%emt 00:00:08]} 4. Bg2 {[%clk 01:31:57]} {[%emt 00:00:04]} Bg7
{[%clk 01:31:55]} {[%emt 00:00:08]} 5. d3 {[%clk 01:32:22]} {[%emt 00:00:05]}
e6 {[%clk 01:32:16]} {[%emt 00:00:09]} 6. Be3 {[%clk 01:32:05]} {[%emt
00:00:48]} d6 {[%clk 01:32:38]} {[%emt 00:00:07]} 7. Qd2 {[%clk 01:32:29]}
{[%emt 00:00:07]} Rb8 {[%clk 01:31:47]} {[%emt 00:01:22]} 8. Nf3 {[%clk
01:30:45]} {[%emt 00:02:12]} b5 {[%clk 01:25:27]} {[%emt 00:06:50]} 9. e5
{[%clk 01:30:18]} {[%emt 00:00:58]} dxe5 {[%clk 01:06:08]} {[%emt 00:19:49]} 10.
Bxc5 {[%clk 01:25:45]} {[%emt 00:05:03]} Nge7 {[%clk 01:06:25]} {[%emt
00:00:13]} 11. O-O {[%clk 01:21:50]} {[%emt 00:04:25]} O-O {[%clk 01:04:00]}
{[%emt 00:02:54]} 12. Rfe1 {[%clk 01:18:17]} {[%emt 00:04:03]} Qc7 {[%clk
00:58:12]} {[%emt 00:06:19]} 13. a4 {[%clk 01:09:20]} {[%emt 00:09:19]} bxa4
{[%clk 00:54:48]} {[%emt 00:04:02]} 14. Qc1 {[%clk 01:00:27]} {[%emt 00:09:23]}
Bb7 {[%clk 00:37:17]} {[%emt 00:18:01]} 15. Rxa4 {[%clk 00:44:49]} {[%emt
00:16:08]} Nd4 {[%clk 00:32:21]} {[%emt 00:05:25]} 16. Bxd4 {[%clk 00:37:01]}
{[%emt 00:08:18]} exd4 {[%clk 00:31:42]} {[%emt 00:01:10]} 17. Ne4 {[%clk
00:33:31]} {[%emt 00:03:59]} Qb6 {[%clk 00:25:15]} {[%emt 00:06:58]} 18. b3
{[%clk 00:32:52]} {[%emt 00:01:09]} Bc6 {[%clk 00:24:00]} {[%emt 00:01:45]} 19.
Ra1 {[%clk 00:30:11]} {[%emt 00:03:11]} Nd5 {[%clk 00:17:52]} {[%emt 00:06:38]}
20. Nfd2 {[%clk 00:26:23]} {[%emt 00:04:17]} Bh6 {[%clk 00:15:39]} {[%emt
00:02:45]} 21. Qb2 {[%clk 00:26:19]} {[%emt 00:00:33]} Bxd2 {[%clk 00:11:06]}
{[%emt 00:05:03]} 22. Nxd2 {[%clk 00:26:42]} {[%emt 00:00:06]} Nc3 {[%clk
00:10:44]} {[%emt 00:00:52]} 23. Bxc6 {[%clk 00:23:59]} {[%emt 00:03:14]} Qxc6
{[%clk 00:11:02]} {[%emt 00:00:12]} 24. Ne4 {[%clk 00:22:09]} {[%emt 00:02:20]}
Nb5 {[%clk 00:09:53]} {[%emt 00:01:38]} 25. Ra4 {[%clk 00:22:08]} {[%emt
00:00:31]} Rfd8 {[%clk 00:06:43]} {[%emt 00:03:41]} 26. Qc1 {[%clk 00:21:01]}
{[%emt 00:01:37]} f5 {[%clk 00:01:25]} {[%emt 00:05:48]} 27. Nf6+ {[%clk
00:18:04]} {[%emt 00:03:27]} Kg7 {[%clk 00:01:48]} {[%emt 00:00:07]} 28. Qg5
{[%clk 00:18:24]} {[%emt 00:00:09]} Rf8 {[%clk 00:01:10]} {[%emt 00:01:08]} 29.
Nh5+ {[%clk 00:18:00]} {[%emt 00:00:53]} Kh8 {[%clk 00:01:11]} {[%emt
00:00:29]} 30. Rc4 {[%clk 00:18:05]} {[%emt 00:00:26]} Qd6 {[%clk 00:01:02]}
{[%emt 00:00:39]} 31. Nf4 {[%clk 00:14:51]} {[%emt 00:03:43]} e5 {[%clk
00:01:31]} {[%emt 00:00:03]} 32. Nh3 {[%clk 00:14:32]} {[%emt 00:00:47]} Kg7
{[%clk 00:01:34]} {[%emt 00:00:28]} 33. Qd2 {[%clk 00:12:35]} {[%emt 00:02:26]}
Rfe8 {[%clk 00:01:29]} {[%emt 00:00:35]} 34. Qb4 {[%clk 00:08:33]} {[%emt
00:04:32]} Qxb4 {[%clk 00:01:56]} {[%emt 00:00:04]} 35. Rxb4 {[%clk 00:08:58]}
{[%emt 00:00:05]} Kf6 {[%clk 00:01:54]} {[%emt 00:00:32]} 36. Ra1 {[%clk
00:08:59]} {[%emt 00:00:28]} e4 {[%clk 00:01:06]} {[%emt 00:01:18]} 37. Ra6+
{[%clk 00:07:52]} {[%emt 00:01:37]} Kg7 {[%clk 00:01:10]} {[%emt 00:00:26]} 38.
Ra5 {[%clk 00:06:23]} {[%emt 00:01:58]} exd3 {[%clk 00:01:32]} {[%emt
00:00:09]} 39. cxd3 {[%clk 00:06:38]} {[%emt 00:00:15]} Nc3 {[%clk 00:01:36]}
{[%emt 00:00:26]} 40. Rxa7+ {[%clk 00:06:36]} {[%emt 00:00:31]} Kf6 {[%clk
00:00:41]} {[%emt 00:01:25]} 41. Rc4 {[%clk 00:02:11]} {[%emt 00:04:54]} Rxb3
{[%clk 00:22:51]} {[%emt 00:08:21]} 42. Kf1 {[%clk 00:25:55]} {[%emt 00:06:47]}
Nb5 {[%clk 00:09:53]} {[%emt 00:13:28]} 43. Rb7 {[%clk 00:25:42]} {[%emt
00:00:43]} h6 {[%clk 00:07:34]} {[%emt 00:02:50]} 44. Nf4 {[%clk 00:25:16]}
{[%emt 00:00:56]} Rb1+ {[%clk 00:00:42]} {[%emt 00:07:22]} 45. Kg2 {[%clk
00:25:40]} {[%emt 00:00:05]} Na3 {[%clk 00:00:48]} {[%emt 00:00:24]} 46. Rc6+
{[%clk 00:25:25]} {[%emt 00:00:45]} Ke5 {[%clk 00:01:15]} {[%emt 00:00:04]} 47.
Rd7 {[%clk 00:25:49]} {[%emt 00:00:06]} g5 {[%clk 00:01:02]} {[%emt 00:00:43]}
48. Ng6# {[%emt 00:00:06]} 1-0

[Event "Paul Keres - De Stukkenjagers"]
[Site ""]
[Date "2023.04.22"]
[Round "1.6"]
[White "Van Kerkhof, David"]
[Black "Van Roon, Sjoerd"]
[Result "1-0"]
[WhiteElo "2385"]
[BlackElo "2270"]

1. c4 {[%clk 01:30:56]} {[%emt 00:00:03]} e5 {[%clk 01:30:38]} {[%emt
00:00:22]} 2. Nc3 {[%clk 01:31:18]} {[%emt 00:00:08]} Nf6 {[%clk 01:30:54]}
{[%emt 00:00:14]} 3. Nf3 {[%clk 01:31:38]} {[%emt 00:00:10]} Nc6 {[%clk
01:31:19]} {[%emt 00:00:05]} 4. e3 {[%clk 01:31:59]} {[%emt 00:00:09]} Bb4
{[%clk 01:30:11]} {[%emt 00:01:39]} 5. Qc2 {[%clk 01:32:19]} {[%emt 00:00:09]}
O-O {[%clk 01:28:00]} {[%emt 00:02:41]} 6. Nd5 {[%clk 01:32:18]} {[%emt
00:00:31]} Be7 {[%clk 01:18:47]} {[%emt 00:09:43]} 7. a3 {[%clk 01:23:02]}
{[%emt 00:09:46]} d6 {[%clk 01:10:04]} {[%emt 00:09:13]} 8. Nxe7+ {[%clk
01:22:04]} {[%emt 00:01:28]} Qxe7 {[%clk 01:07:14]} {[%emt 00:03:21]} 9. b4
{[%clk 01:21:15]} {[%emt 00:01:19]} e4 {[%clk 01:06:19]} {[%emt 00:01:26]} 10.
b5 {[%clk 01:20:48]} {[%emt 00:00:56]} Ne5 {[%clk 00:57:20]} {[%emt 00:09:29]}
11. Nxe5 {[%clk 01:17:46]} {[%emt 00:03:33]} dxe5 {[%clk 00:57:15]} {[%emt
00:00:34]} 12. a4 {[%clk 00:55:06]} {[%emt 00:23:10]} Rd8 {[%clk 00:52:26]}
{[%emt 00:05:20]} 13. Ba3 {[%clk 00:52:57]} {[%emt 00:02:38]} Qe8 {[%clk
00:52:13]} {[%emt 00:00:43]} 14. Be2 {[%clk 00:50:51]} {[%emt 00:02:36]} Bf5
{[%clk 00:47:00]} {[%emt 00:05:43]} 15. O-O {[%clk 00:50:48]} {[%emt 00:00:33]}
b6 {[%clk 00:45:07]} {[%emt 00:02:23]} 16. Qc3 {[%clk 00:45:36]} {[%emt
00:05:42]} c5 {[%clk 00:39:45]} {[%emt 00:05:51]} 17. Bb2 {[%clk 00:33:42]}
{[%emt 00:12:25]} Rd6 {[%clk 00:33:48]} {[%emt 00:06:27]} 18. f4 {[%clk
00:32:33]} {[%emt 00:01:38]} exf3 {[%clk 00:34:12]} {[%emt 00:00:07]} 19. Bxf3
{[%clk 00:32:51]} {[%emt 00:00:12]} Ne4 {[%clk 00:33:51]} {[%emt 00:00:51]} 20.
Qxe5 {[%clk 00:32:06]} {[%emt 00:01:15]} Qxe5 {[%clk 00:33:13]} {[%emt
00:01:08]} 21. Bxe5 {[%clk 00:32:34]} Rxd2 {[%clk 00:33:16]} {[%emt 00:00:28]}
22. a5 {[%clk 00:31:47]} {[%emt 00:01:17]} Rc8 {[%clk 00:26:13]} {[%emt
00:07:33]} 23. axb6 {[%clk 00:29:45]} {[%emt 00:02:32]} axb6 {[%clk 00:26:38]}
{[%emt 00:00:04]} 24. Ra7 {[%clk 00:30:03]} {[%emt 00:00:12]} Rc2 {[%clk
00:21:49]} {[%emt 00:05:19]} 25. Rxf7 {[%clk 00:29:31]} {[%emt 00:01:03]} Kxf7
{[%clk 00:16:03]} {[%emt 00:06:16]} 26. Bxe4 {[%clk 00:29:52]} {[%emt
00:00:08]} Rc1 {[%clk 00:16:25]} {[%emt 00:00:08]} 27. Bd5+ {[%clk 00:29:31]}
{[%emt 00:00:52]} 1-0

[Event "Paul Keres - De Stukkenjagers"]
[Site ""]
[Date "2023.04.22"]
[Round "1.7"]
[White "Beukema, Jasper"]
[Black "Rademakers, Evert"]
[Result "0-1"]
[WhiteElo "2362"]
[BlackElo "2253"]

1. d4 {[%clk 01:28:06]} {[%emt 00:02:54]} g6 {[%clk 01:30:57]} {[%emt
00:00:02]} 2. c4 {[%clk 01:28:32]} {[%emt 00:00:05]} Bg7 {[%clk 01:31:23]}
{[%emt 00:00:04]} 3. Nf3 {[%clk 01:28:24]} {[%emt 00:00:38]} d6 {[%clk
01:31:49]} {[%emt 00:00:04]} 4. g3 {[%clk 01:27:47]} {[%emt 00:01:07]} e5
{[%clk 01:31:06]} {[%emt 00:01:13]} 5. Nc3 {[%clk 01:24:53]} {[%emt 00:03:24]}
exd4 {[%clk 01:05:16]} {[%emt 00:26:20]} 6. Nxd4 {[%clk 01:25:16]} {[%emt
00:00:08]} Nc6 {[%clk 01:03:55]} {[%emt 00:01:50]} 7. Be3 {[%clk 01:23:42]}
{[%emt 00:02:04]} Nge7 {[%clk 00:53:27]} {[%emt 00:10:58]} 8. Bg2 {[%clk
01:23:25]} {[%emt 00:00:48]} O-O {[%clk 00:51:59]} {[%emt 00:01:58]} 9. O-O
{[%clk 01:21:55]} {[%emt 00:01:59]} Ne5 {[%clk 00:49:51]} {[%emt 00:02:38]} 10.
b3 {[%clk 01:21:06]} {[%emt 00:01:20]} Ng4 {[%clk 00:48:28]} {[%emt 00:01:52]}
11. Qd3 {[%clk 01:15:37]} {[%emt 00:05:59]} Nf5 {[%clk 00:44:43]} {[%emt
00:04:16]} 12. Nxf5 {[%clk 01:09:10]} {[%emt 00:06:56]} Bxf5 {[%clk 00:44:49]}
{[%emt 00:00:24]} 13. Qd2 {[%clk 01:09:37]} {[%emt 00:00:04]} Nxe3 {[%clk
00:44:05]} {[%emt 00:01:13]} 14. Qxe3 {[%clk 01:10:05]} {[%emt 00:00:03]} Re8
{[%clk 00:44:16]} {[%emt 00:00:18]} 15. Qd2 {[%clk 01:10:29]} {[%emt 00:00:07]}
c6 {[%clk 00:43:19]} {[%emt 00:01:26]} 16. Rac1 {[%clk 01:05:21]} {[%emt
00:05:38]} Qa5 {[%clk 00:39:52]} {[%emt 00:03:57]} 17. e3 {[%clk 00:58:18]}
{[%emt 00:07:33]} Rad8 {[%clk 00:39:43]} {[%emt 00:00:38]} 18. Rfd1 {[%clk
00:58:44]} {[%emt 00:00:06]} Bg4 {[%clk 00:36:00]} {[%emt 00:04:13]} 19. Ne2
{[%clk 00:57:13]} {[%emt 00:02:01]} Qh5 {[%clk 00:33:21]} {[%emt 00:03:08]} 20.
Nf4 {[%clk 00:55:59]} {[%emt 00:01:44]} Qe5 {[%clk 00:33:27]} {[%emt 00:00:24]}
21. Re1 {[%clk 00:56:12]} {[%emt 00:00:17]} h5 {[%clk 00:31:00]} {[%emt
00:02:57]} 22. Qb4 {[%clk 00:55:07]} {[%emt 00:01:35]} Bc8 {[%clk 00:29:43]}
{[%emt 00:01:47]} 23. Red1 {[%clk 00:52:36]} {[%emt 00:03:02]} Qb2 {[%clk
00:22:38]} {[%emt 00:07:34]} 24. Qa5 {[%clk 00:48:26]} {[%emt 00:04:41]} a6
{[%clk 00:22:14]} {[%emt 00:00:53]} 25. Nd3 {[%clk 00:44:40]} {[%emt 00:04:16]}
Qf6 {[%clk 00:22:15]} {[%emt 00:00:29]} 26. Rd2 {[%clk 00:44:58]} {[%emt
00:00:13]} h4 {[%clk 00:21:41]} {[%emt 00:01:04]} 27. Nf4 {[%clk 00:44:23]}
{[%emt 00:01:05]} Qe5 {[%clk 00:19:05]} {[%emt 00:03:06]} 28. Qc7 {[%clk
00:42:22]} {[%emt 00:02:31]} hxg3 {[%clk 00:18:16]} {[%emt 00:01:19]} 29. hxg3
{[%clk 00:42:47]} {[%emt 00:00:04]} Rd7 {[%clk 00:13:32]} {[%emt 00:05:15]} 30.
Qb6 {[%clk 00:39:07]} {[%emt 00:04:10]} g5 {[%clk 00:06:47]} {[%emt 00:07:14]}
31. Nd3 {[%clk 00:37:13]} {[%emt 00:02:25]} Qf5 {[%clk 00:07:13]} {[%emt
00:00:03]} 32. Ne1 {[%clk 00:30:46]} {[%emt 00:06:58]} Bf6 {[%clk 00:04:53]}
{[%emt 00:02:50]} 33. Qb4 {[%clk 00:28:51]} {[%emt 00:02:25]} Be7 {[%clk
00:01:52]} {[%emt 00:03:31]} 34. Rcd1 {[%clk 00:28:42]} {[%emt 00:00:39]} d5
{[%clk 00:01:20]} {[%emt 00:01:03]} 35. c5 {[%clk 00:24:24]} {[%emt 00:04:47]}
Rdd8 {[%clk 00:01:07]} {[%emt 00:00:44]} 36. Qb6 {[%clk 00:22:55]} {[%emt
00:01:59]} Qf6 {[%clk 00:00:58]} {[%emt 00:00:38]} 37. Rd4 {[%clk 00:20:38]}
{[%emt 00:02:47]} Kg7 {[%clk 00:00:56]} {[%emt 00:00:33]} 38. Nf3 {[%clk
00:19:14]} {[%emt 00:01:53]} Rh8 {[%clk 00:01:17]} {[%emt 00:00:09]} 39. Qb4
{[%clk 00:18:18]} {[%emt 00:01:26]} Qh6 {[%clk 00:00:49]} {[%emt 00:00:57]} 40.
Kf1 {[%clk 00:18:27]} {[%emt 00:00:22]} Bf6 {[%clk 00:01:00]} {[%emt 00:00:19]}
41. R4d2 {[%clk 00:17:58]} {[%emt 00:00:58]} Rde8 {[%clk 00:22:19]} {[%emt
00:09:11]} 42. Ng1 {[%clk 00:47:06]} {[%emt 00:01:22]} Qg6 {[%clk 00:21:28]}
{[%emt 00:01:20]} 43. Bf3 {[%clk 00:43:46]} {[%emt 00:03:51]} Rh2 {[%clk
00:18:38]} {[%emt 00:03:20]} 44. Re2 {[%clk 00:39:04]} {[%emt 00:05:11]} Bf5
{[%clk 00:08:22]} {[%emt 00:10:46]} 45. Qxb7 {[%clk 00:37:02]} {[%emt
00:02:33]} g4 {[%clk 00:05:25]} {[%emt 00:03:26]} 46. Bg2 {[%clk 00:36:28]}
{[%emt 00:01:04]} Reh8 {[%clk 00:02:13]} {[%emt 00:03:43]} 47. Qxc6 {[%clk
00:33:30]} {[%emt 00:03:28]} Rxg2 {[%clk 00:02:41]} {[%emt 00:00:02]} 48. Kxg2
{[%emt 00:01:00]} Be4+ 49. Kf1 {[%clk 00:31:42]} {[%emt 00:01:48]} Rh1 {[%clk
00:03:39]} {[%emt 00:00:01]} 50. Rxd5 {[%clk 00:19:16]} {[%emt 00:12:57]} Bf3
{[%clk 00:04:08]} 51. Qd7 {[%clk 00:18:37]} {[%emt 00:01:08]} Rxg1+ {[%emt
00:01:04]} 0-1

[Event "Paul Keres - De Stukkenjagers"]
[Site ""]
[Date "2023.04.22"]
[Round "1.8"]
[White "De Jong, Tom"]
[Black "Kalle, Erwin"]
[Result "1/2-1/2"]
[WhiteElo "2189"]
[BlackElo "2012"]

1. e4 {[%clk 01:30:55]} {[%emt 00:00:03]} e5 {[%clk 01:30:49]} {[%emt
00:00:11]} 2. Nf3 {[%clk 01:31:18]} {[%emt 00:00:08]} Nc6 {[%clk 01:31:06]}
{[%emt 00:00:13]} 3. Bc4 {[%clk 01:31:29]} {[%emt 00:00:18]} Bc5 {[%clk
01:31:10]} {[%emt 00:00:28]} 4. c3 {[%clk 01:31:35]} {[%emt 00:00:23]} Nf6
{[%clk 01:31:12]} {[%emt 00:00:27]} 5. d4 {[%clk 01:31:20]} {[%emt 00:00:46]}
exd4 {[%clk 01:31:11]} {[%emt 00:00:31]} 6. e5 {[%clk 01:31:08]} {[%emt
00:00:42]} d5 {[%clk 01:30:47]} {[%emt 00:00:54]} 7. Bb5 {[%clk 01:31:11]}
{[%emt 00:00:27]} Ne4 {[%clk 01:30:44]} {[%emt 00:00:33]} 8. cxd4 {[%clk
01:31:24]} {[%emt 00:00:16]} Bb6 {[%clk 01:30:45]} {[%emt 00:00:29]} 9. Nc3
{[%clk 01:31:30]} {[%emt 00:00:25]} O-O {[%clk 01:28:26]} {[%emt 00:02:49]} 10.
Be3 {[%clk 01:30:52]} {[%emt 00:01:07]} Bg4 {[%clk 01:23:46]} {[%emt 00:05:10]}
11. h3 {[%clk 01:29:44]} {[%emt 00:01:40]} Bh5 {[%clk 01:23:48]} {[%emt
00:00:27]} 12. Qc2 {[%clk 01:28:11]} {[%emt 00:02:02]} Bg6 {[%clk 01:22:24]}
{[%emt 00:01:53]} 13. Qb3 {[%clk 01:25:59]} {[%emt 00:02:44]} Ne7 {[%clk
01:08:03]} {[%emt 00:14:50]} 14. O-O {[%clk 01:20:15]} {[%emt 00:06:15]} c6
{[%clk 01:03:55]} {[%emt 00:04:38]} 15. Bd3 {[%clk 01:17:27]} {[%emt 00:03:18]}
Nf5 {[%clk 00:43:28]} {[%emt 00:20:57]} 16. Rad1 {[%clk 00:41:10]} {[%emt
00:36:47]} Nxe3 {[%clk 00:37:23]} {[%emt 00:06:34]} 17. fxe3 {[%clk 00:41:26]}
{[%emt 00:00:14]} Qe7 {[%clk 00:33:54]} {[%emt 00:03:59]} 18. Qc2 {[%clk
00:36:15]} {[%emt 00:05:42]} Nxc3 {[%clk 00:32:08]} {[%emt 00:02:15]} 19. bxc3
{[%clk 00:35:52]} {[%emt 00:00:54]} Bxd3 {[%clk 00:28:48]} {[%emt 00:03:49]} 20.
Qxd3 {[%clk 00:35:05]} {[%emt 00:01:17]} Rae8 {[%clk 00:28:52]} {[%emt
00:00:26]} 21. e4 {[%clk 00:23:20]} {[%emt 00:12:16]} dxe4 {[%clk 00:27:32]}
{[%emt 00:01:49]} 22. Qxe4 {[%clk 00:23:43]} {[%emt 00:00:08]} f6 {[%clk
00:25:44]} {[%emt 00:02:18]} 23. Rde1 {[%clk 00:19:19]} {[%emt 00:04:55]} fxe5
{[%clk 00:23:06]} {[%emt 00:03:07]} 24. Nxe5 {[%clk 00:17:17]} {[%emt
00:02:31]} Rxf1+ {[%clk 00:22:55]} {[%emt 00:00:41]} 25. Kxf1 {[%clk 00:17:22]}
{[%emt 00:00:25]} Bc7 {[%clk 00:22:46]} {[%emt 00:00:38]} 26. Qg4 {[%clk
00:13:42]} {[%emt 00:04:12]} Qe6 {[%clk 00:09:58]} {[%emt 00:13:17]} 27. Qxe6+
{[%clk 00:11:39]} {[%emt 00:02:34]} Rxe6 {[%clk 00:10:20]} {[%emt 00:00:08]} 28.
Nf3 {[%clk 00:10:49]} {[%emt 00:01:17]} 1/2-1/2

[Event "Paul Keres - De Stukkenjagers"]
[Site ""]
[Date "2023.04.22"]
[Round "1.9"]
[White "Froeyman, Helmut"]
[Black "Kokje, Joris"]
[Result "1/2-1/2"]
[WhiteElo "2291"]
[BlackElo "2246"]

1. e4 {[%clk 01:30:57]} {[%emt 00:00:02]} c5 {[%clk 01:30:55]} {[%emt
00:00:06]} 2. Nf3 {[%clk 01:31:18]} {[%emt 00:00:08]} d6 {[%clk 01:31:19]}
{[%emt 00:00:08]} 3. d4 {[%clk 01:31:44]} {[%emt 00:00:03]} cxd4 {[%clk
01:31:44]} {[%emt 00:00:05]} 4. Nxd4 {[%clk 01:32:10]} {[%emt 00:00:03]} Nf6
{[%clk 01:32:07]} {[%emt 00:00:07]} 5. Nc3 {[%clk 01:32:33]} {[%emt 00:00:08]}
a6 {[%clk 01:32:27]} {[%emt 00:00:11]} 6. Be2 {[%clk 01:32:40]} {[%emt
00:00:21]} e5 {[%clk 01:31:17]} {[%emt 00:01:41]} 7. Nb3 {[%clk 01:33:03]}
{[%emt 00:00:07]} Be7 {[%clk 01:30:38]} {[%emt 00:01:09]} 8. O-O {[%clk
01:32:57]} {[%emt 00:00:36]} O-O {[%clk 01:29:28]} {[%emt 00:01:40]} 9. Be3
{[%clk 01:32:58]} {[%emt 00:00:28]} Be6 {[%clk 01:25:17]} {[%emt 00:04:41]} 10.
Nd5 {[%clk 01:33:08]} {[%emt 00:00:21]} Nbd7 {[%clk 01:20:26]} {[%emt
00:05:22]} 11. Qd3 {[%clk 01:32:56]} {[%emt 00:00:41]} Nxd5 {[%clk 01:06:19]}
{[%emt 00:14:38]} 12. exd5 {[%clk 01:28:10]} {[%emt 00:05:15]} e4 {[%clk
01:06:05]} {[%emt 00:00:44]} 13. Qd2 {[%clk 01:15:46]} {[%emt 00:12:54]} Bf5
{[%clk 01:06:24]} {[%emt 00:00:11]} 14. Nd4 {[%clk 01:07:19]} {[%emt 00:08:57]}
Bg6 {[%clk 01:06:30]} {[%emt 00:00:24]} 15. b4 {[%clk 01:03:45]} {[%emt
00:04:04]} Rc8 {[%clk 00:58:24]} {[%emt 00:08:36]} 16. c4 {[%clk 01:00:50]}
{[%emt 00:03:24]} Ne5 {[%clk 00:55:39]} {[%emt 00:03:16]} 17. Rac1 {[%clk
01:00:20]} {[%emt 00:01:00]} Qd7 {[%clk 00:52:04]} {[%emt 00:04:05]} 18. Rfd1
{[%clk 00:40:08]} {[%emt 00:20:41]} Bf6 {[%clk 00:47:09]} {[%emt 00:05:25]} 19.
Nb3 {[%clk 00:34:30]} {[%emt 00:06:08]} Rfe8 {[%clk 00:39:10]} {[%emt
00:08:29]} 20. Bd4 {[%clk 00:27:16]} {[%emt 00:07:45]} h6 {[%clk 00:36:15]}
{[%emt 00:03:25]} 21. Qc3 {[%clk 00:22:19]} {[%emt 00:05:27]} Bg5 {[%clk
00:31:30]} {[%emt 00:05:15]} 22. Be3 {[%clk 00:22:21]} {[%emt 00:00:27]} Bf6
{[%clk 00:30:18]} {[%emt 00:01:43]} 23. Bd4 {[%clk 00:22:14]} {[%emt 00:00:37]}
Bg5 {[%clk 00:29:20]} {[%emt 00:01:28]} 24. Be3 {[%clk 00:22:31]} {[%emt
00:00:13]} Bf6 {[%clk 00:28:56]} {[%emt 00:00:54]} 1/2-1/2

[Event "Paul Keres - De Stukkenjagers"]
[Site ""]
[Date "2023.04.22"]
[Round "1.10"]
[White "Ondersteijn, Niels"]
[Black "Baselmans, Luuk"]
[Result "1/2-1/2"]
[WhiteElo "2378"]
[BlackElo "2337"]

1. d4 {[%clk 01:29:49]} {[%emt 00:01:10]} Nf6 {[%clk 01:30:23]} {[%emt
00:00:38]} 2. c4 {[%clk 01:29:48]} {[%emt 00:00:30]} e6 {[%clk 01:30:40]}
{[%emt 00:00:13]} 3. Nf3 {[%clk 01:29:32]} {[%emt 00:00:46]} d5 {[%clk
01:28:57]} {[%emt 00:02:13]} 4. Nc3 {[%clk 01:29:55]} {[%emt 00:00:08]} Bb4
{[%clk 01:27:58]} {[%emt 00:01:28]} 5. cxd5 {[%clk 01:30:18]} {[%emt 00:00:07]}
exd5 {[%clk 01:28:12]} {[%emt 00:00:16]} 6. Bg5 {[%clk 01:30:43]} {[%emt
00:00:05]} O-O {[%clk 01:19:41]} {[%emt 00:09:01]} 7. e3 {[%clk 01:30:53]}
{[%emt 00:00:20]} Re8 {[%clk 01:15:30]} {[%emt 00:04:41]} 8. Bd3 {[%clk
01:29:49]} {[%emt 00:01:35]} c6 {[%clk 01:14:50]} {[%emt 00:01:10]} 9. Qc2
{[%clk 01:20:33]} {[%emt 00:09:45]} h6 {[%clk 01:13:58]} {[%emt 00:01:23]} 10.
Bh4 {[%clk 01:19:43]} {[%emt 00:01:19]} Bd6 {[%clk 01:07:45]} {[%emt 00:06:43]}
11. O-O-O {[%clk 01:13:37]} {[%emt 00:06:36]} b5 {[%clk 00:59:36]} {[%emt
00:08:39]} 12. e4 {[%clk 01:05:14]} {[%emt 00:08:53]} b4 {[%clk 00:55:10]}
{[%emt 00:04:56]} 13. e5 {[%clk 00:53:44]} {[%emt 00:12:00]} bxc3 {[%clk
00:54:49]} {[%emt 00:00:52]} 14. exf6 {[%clk 00:47:46]} {[%emt 00:06:28]} g5
{[%clk 00:47:41]} {[%emt 00:07:38]} 15. Bh7+ {[%clk 00:24:22]} {[%emt
00:23:53]} Kf8 {[%clk 00:42:16]} {[%emt 00:05:55]} 16. Bg3 {[%clk 00:18:24]}
{[%emt 00:06:28]} cxb2+ {[%clk 00:41:54]} {[%emt 00:00:51]} 17. Kb1 {[%clk
00:18:45]} {[%emt 00:00:10]} Qxf6 {[%clk 00:38:53]} {[%emt 00:03:32]} 18. h4
{[%clk 00:18:21]} {[%emt 00:00:54]} g4 {[%clk 00:36:26]} {[%emt 00:02:57]} 19.
Ne5 {[%clk 00:16:55]} {[%emt 00:01:56]} Na6 {[%clk 00:32:21]} {[%emt 00:04:34]}
20. Nd3 {[%clk 00:13:01]} {[%emt 00:04:24]} Bxg3 {[%clk 00:30:05]} {[%emt
00:02:46]} 21. fxg3 {[%clk 00:13:20]} {[%emt 00:00:11]} Qg7 {[%clk 00:30:26]}
{[%emt 00:00:09]} 22. Ne5 {[%clk 00:12:10]} {[%emt 00:01:41]} c5 {[%clk
00:25:55]} {[%emt 00:05:00]} 23. Rhf1 {[%clk 00:11:49]} {[%emt 00:00:52]} Rxe5
{[%clk 00:25:10]} {[%emt 00:01:15]} 24. dxe5 {[%clk 00:12:17]} c4 {[%clk
00:23:00]} {[%emt 00:02:40]} 25. a3 {[%clk 00:07:16]} {[%emt 00:05:31]} Nc7
{[%clk 00:20:31]} {[%emt 00:02:58]} 26. Bf5 {[%clk 00:05:23]} {[%emt 00:02:24]}
Qxe5 {[%clk 00:16:38]} {[%emt 00:04:23]} 27. Bxc8 {[%clk 00:05:04]} {[%emt
00:00:49]} Rxc8 {[%clk 00:12:41]} {[%emt 00:04:27]} 28. Rde1 {[%clk 00:04:28]}
{[%emt 00:01:07]} Qg7 {[%clk 00:12:39]} {[%emt 00:00:32]} 29. Qf5 {[%clk
00:04:02]} {[%emt 00:00:56]} Rb8 {[%clk 00:12:19]} {[%emt 00:00:49]} 30. a4
{[%clk 00:03:12]} {[%emt 00:01:20]} c3 {[%clk 00:10:10]} {[%emt 00:02:39]} 31.
Re2 {[%emt 00:08:19]} d4 {[%emt 00:01:14]} 32. Qc5+ {[%clk 00:01:25]} {[%emt
00:00:03]} Kg8 {[%clk 00:04:15]} {[%emt 00:00:06]} 33. Qxc7 {[%clk 00:01:35]}
{[%emt 00:00:20]} Qg6+ {[%clk 00:04:36]} {[%emt 00:00:09]} 34. Rc2 {[%emt
00:01:57]} Re8 {[%clk 00:03:17]} 35. h5 {[%clk 00:01:08]} {[%emt 00:01:20]} Qe6
{[%clk 00:02:22]} {[%emt 00:01:24]} 36. Re2 {[%emt 00:02:14]} Qxe2 {[%clk
00:01:21]} {[%emt 00:00:11]} 37. Qxf7+ {[%clk 00:01:10]} {[%emt 00:00:04]} Kh8
{[%clk 00:01:46]} {[%emt 00:00:05]} 38. Qf6+ {[%clk 00:01:38]} {[%emt
00:00:02]} Kg8 {[%clk 00:01:41]} {[%emt 00:00:35]} 39. Qg6+ {[%clk 00:02:03]}
{[%emt 00:00:05]} Kh8 {[%clk 00:02:07]} {[%emt 00:00:04]} 40. Qxh6+ {[%clk
00:02:30]} {[%emt 00:00:04]} Kg8 {[%clk 00:02:32]} {[%emt 00:00:04]} 41. Qg5+
{[%clk 00:29:00]} {[%emt 00:04:00]} Kh8 {[%clk 00:32:48]} {[%emt 00:00:14]} 42.
Qh6+ {[%clk 00:29:17]} {[%emt 00:00:13]} 1/2-1/2

[ePGN "0.1;DGT LiveChess/2.2.5"]